00463 2200169 4500245004100000020002200041250001100063100002100074100002700095650002100122005001900143260007300162041001400235084001000249300002500259336000900284 aPop-Up RumahcAnies ListyowatihText a978-604-244-154-0 aCet. 1 aAnies Listyowati a: Yussy Kirana Safitri aCerita Bergambar a20240926123806 aJakartabKementrian Pendidikan, Keudayaan, Rset, dan Teknologic2018 aIndonesia a741.5 aiv, 10 hlm. :cilus. atext